000 00429nam a2200157Ia 4500
005 20250612015214.0
008 240331s9999 xx 000 0 und d
082 _bAPE
_a305
245 0 _aApe kshethdakeem ha api streewadaya dakina hati
260 _aColombo
_bRural Development Training & Research Institute
_c1989
300 _a92 p .,
650 _awomen
650 _aFeminisum
700 _aJayakody, S.
_eedt
942 _cL
999 _c1621
_d1621